<?xml version="1.0" encoding="UTF-8"?>
<collection xmlns="http://www.loc.gov/MARC21/slim">
 <record>
  <leader>     na                 </leader>
  <controlfield tag="001">INLIS000000000001869</controlfield>
  <controlfield tag="005">20250620083114</controlfield>
  <controlfield tag="035">$a 0010-0625000083</controlfield>
  <controlfield tag="245">$a Kreasi Bunga Dari Sedotan /$c Herry Cahyo Sastrowirjo</controlfield>
  <controlfield tag="100">$a Herry Cahyo Sastrowirjo</controlfield>
  <controlfield tag="300">$a 60 hlm : $b ilus ; $c 15.5 x 23.5 cm</controlfield>
  <controlfield tag="260">$a Jakarta :$b Puspa Swara,$c 2010</controlfield>
  <controlfield tag="082">$a 745.5</controlfield>
  <controlfield tag="084">$a 745.5 HER k</controlfield>
  <controlfield tag="020">$a 979-3235-20-9</controlfield>
  <controlfield tag="990">$a 3376/2012</controlfield>
  <controlfield tag="990">$a 3377/2012</controlfield>
  <controlfield tag="990">$a 3378/2012</controlfield>
  <controlfield tag="990">$a 3379/2012</controlfield>
  <controlfield tag="990">$a 3380/2012</controlfield>
 </record>
</collection>
